Statistics for Newcastle United European Opponents

Click here to take the quiz!

General Stats

  • This quiz has been taken 18 times
  • The average score is 22 of 57

Answer Stats

CountryLast PlayedAnswer% Correct
Portugal2013Benfica
93%
Germany2023Borussia Dortmund
93%
Italy2023Milan
93%
France2023Paris Saint-Germain
93%
Spain2003Barcelona
86%
Ukraine2002Dynamo Kyiv
86%
Italy2002Juventus
86%
Belgium2012Club Brugge
79%
Italy2003Inter Milan
79%
France1997Monaco
71%
Netherlands2004PSV Eindhoven
71%
Netherlands2002Feyenoord
64%
France2012Bordeaux
57%
Germany2006Eintracht Frankfurt
57%
Germany2003Bayer Leverkusen
50%
Russia2013Anzhi Makhachkala
43%
Greece2012Atromitos
43%
Portugal2012Marítimo
43%
Ukraine2013Metalist Kharkiv
43%
Greece2005Olympiacos
43%
Serbia2003Partizan
43%
Italy1999Roma
43%
Belgium1994Antwerp
36%
Netherlands2007AZ Alkmaar
36%
Switzerland2003Basel
36%
Spain2005Deportivo La Coruña
36%
Spain2004Mallorca
36%
France2004Marseille
36%
Italy2006Palermo
36%
Spain1994Athletic Bilbao
29%
Ireland1977Bohemians
29%
Turkey2006Fenerbahçe
29%
France2004Sochaux
29%
Portugal2005Sporting CP
29%
Latvia2006Ventspils
29%
Switzerland1999Zürich
29%
France1977Bastia
21%
Spain2006Celta Vigo
21%
Bulgaria1999CSKA Sofia
21%
Croatia1997Dinamo Zagreb
21%
Slovakia2005Dubnica
21%
Hungary1996Ferencváros
21%
Norway2006Lillestrøm
21%
France1996Metz
21%
Netherlands2003NAC Breda
21%
Germany20011860 Munich
14%
Georgia2004Dinamo Tbilisi
14%
Netherlands2005Heerenveen
14%
Estonia2006Levadia Tallinn
14%
France2001Troyes
14%
Bosnia2002Željezničar
14%
Belgium2007Zulte Waregem
14%
Israel2004Bnei Sakhnin
7%
Sweden1996Halmstad
7%
Belgium2001Lokeren
7%
Greece2004Panionios
7%
Norway2004Vålerenga
7%

Score Distribution

Percentile by Number Answered

Percent of People with Each Score

Your Score History

You have not taken this quiz